Pubis angelical /

Guardado en:
Detalles Bibliográficos
Autor principal: Puig, Manuel (autor)
Formato: Libro
Idioma:Español
Publicado: Barcelona, España : Seix Barral, 1979, c1979
Colección:(Nueva Narrativa Hispánica Seix Barral)
Temas:
Etiquetas: Agrega una etiqueta
Sin etiquetas, Sé el primero en etiquetar este registro!

MARC

LEADER 00000nam^a2200000^a^4500
001 000184564
005 20250521000000.0
009 20260310102119.623
020 |a 84-322-1379-9 
037 |a Acervo ITESO - Biblioteca 
041 |a ESP 
082 |a 863.  |b PUI 
100 |a Puig, Manuel  |e (autor) 
240 1 1 |a [Pubis angelical] 
245 1 0 |a Pubis angelical /  |c M. Puig. 
264 4 |a Barcelona, España :  |b Seix Barral,  |c 1979, c1979 
300 |a 270 p. 
336 |a texto  |b txt  |2 rdacontenido 
337 |a sin mediación  |b n  |2 rdamedio 
338 |a volumen  |b nc  |2 rdasoporte 
440 1 |a (Nueva Narrativa Hispánica Seix Barral) 
545 0 |a Manual Puig (General Villegas, Argentina 1932 – Cuernavaca, México 1990), estudió literatura en Buenos Aires y cine en Roma y fue también asistente de dirección cinematográfica en ambas ciudades. Su obra hermana sus dos grandes pasiones, escribiendo narrativa a la par que ejercía la crítica de cine y la elaboración de guiones. Defensor acérrimo de la libertad sexual e individual, descreía en cambio de las ideologías y los movimientos colectivos, por lo que durante la dictadura sufrió el rechazo de parte de la intelectualidad de izquierda. Quizá por ello su obra recibió primero el reconocimiento internacional, antes que en el mundo de habla hispana. Es autor de las novelas La traición de Rita Hayworth (1968), Boquitas pintadas (1969), The Buenos Aires Affair (1973), El beso de la mujer araña (1976), Pubis angelical (1979), Maldición eterna a quien lea estas páginas (1981), Sangre de amor correspondido (1982), Cae la noche tropical (1988) y Humedad relativa (la dejó inconclusa). La primera quedó finalista en el Premio Biblioteca Breve 1969 y fue declarada por Le Monde una de las cinco mejores novelas extranjeras del bienio 1968-1969. 
649 |a XX 
650 |a Novela Argentina 
650 |a Literatura Argentina -  |y Siglo XX 
910 |a Fondo General 
920 |a Impresos - Libros 
930 |a Colección General 
940 |a Literatura 
905 |a 101 
901 |a 0500125482  |b IT1  |c LIT  |u 20250521 
902 |a https://opac.biblio.iteso.mx/vufind/Record/000184564